[Event "UKR-ch"]
[Site "Kyiv UKR"]
[Date "2018.12.15"]
[Round "5"]
[White "Moiseenko, Alexander"]
[Black "Golubka, Petro"]
[Result "1-0"]
[WhiteElo "2640"]
[BlackElo "2464"]
[WhiteFideId "-1"]
[BlackFideId "-1"]
[PlyCount "93"]
[GameId "2129404762902096"]
[EventDate "2018.12.11"]
[EventType "tourn"]
[EventRounds "9"]
[EventCountry "UKR"]
[EventCategory "15"]
[SourceTitle "10 Days #564"]
[Source "ChessMix"]
[SourceDate "2018.12.20"]
[SourceVersion "1"]
[SourceVersionDate "2018.12.20"]
[SourceQuality "1"]

{[%evp 27,93,14,17,21,14,17,16,0,1,0,35,37,43,-7,68,41,64,56,58,56,101,83,86,88,87,81,87,89,83,90,128,143,156,146,252,254,238,251,281,247,256,262,234,236,261,249,259,242,389,232,479,485,524,511,637,626,599,562,853,746,716,853,805,829,1046,943,1033,1001]} 1. d4 Nf6 2. c4 e6 3. Nf3 Bb4+ 4. Nbd2 b6 5. a3 Bxd2+ 6. Qxd2 Bb7 7. e3 O-O 8. Be2 a5 9. b3 d6 10. Bb2 Nbd7 11. O-O Qe7 12. Rfd1 {E14: Queen's Indian: Classical Variation (4 e3)} (12. Qc2 c5 13. Rfd1 Rfd8 14. Qc3 Ne4 15. Qe1 h6 16. Nd2 Nef6 17. Nb1 cxd4 18. exd4 e5 19. Bf1 e4 {1-0 (64) Wojtaszek,R (2742)-Moiseenko,A (2698) Germany 2015}) 12... Ne4 13. Qc2 f5 14. d5 e5 {LiveBook: 5 Games} 15. b4 {[#]} c6 $146 ({Predecessor:} 15... Ng5 16. Bc3 Nxf3+ 17. Bxf3 Qh4 18. Be2 Nf6 19. Be1 axb4 20. axb4 {1-0 (37) Yilmaz,M (2614)-Hjartarson,J (2536) Reykjavik 2017}) 16. dxc6 Bxc6 17. Nd2 {[%cal Bf3d2,Bd2b1,Bb1c3,Bc3d5][%mdl 32]} Ng5 {[%cal Be4g5,Bg5e6,Be6d4][%mdl 32]} 18. f3 f4 19. e4 Ne6 20. Qd3 Rfd8 (20... Rf6 $11) 21. Nb1 $1 $14 Nf6 22. Nc3 Nd4 23. Bf1 Rab8 24. Nd5 $36 {[%mdl 2048] White has strong initiative.} Nxd5 25. Bxd4 Ba4 26. Rd2 Nf6 27. Bf2 axb4 28. axb4 b5 29. Qc3 {[#] aiming for cxb5.} Kh8 30. c5 d5 (30... dxc5 $16 31. Rxd8+ (31. bxc5 Rxd2 32. Qxd2 Qe8 $16) (31. Bxc5 Qe6 $16) 31... Rxd8) 31. exd5 $18 Nxd5 32. Qb2 Nf6 33. Re1 Rxd2 34. Qxd2 Re8 35. c6 Qc7 36. Qc3 Re6 37. Rc1 e4 (37... Nd5 {was called for.} 38. Qd3 Rxc6) 38. Bd4 (38. fxe4 $142 {Strongly threatening Qc5.} Ng8 39. Bd4) 38... exf3 $2 {[#]} (38... Nd5 39. Qc5 Ne7 40. fxe4 (40. Bxb5 Bxb5 41. Qxb5 Rxc6 $18) 40... h6) 39. Qxf3 {White is clearly winning.} h6 40. h3 Ne4 41. Qg4 Bb3 {If Black can now play ...Re7 this consolidates a bit.} 42. Bxb5 Nf6 43. Qf5 f3 44. Qxf3 Bd5 45. Qf2 Bxc6 46. Bxf6 Rxf6 47. Qc5 {Accuracy: White = 92%, Black = 46%.} 1-0

[Event "UKR-ch"]
[Site "Kyiv UKR"]
[Date "2018.12.17"]
[Round "6"]
[White "Golubka, Petro"]
[Black "Kovchan, Alexander"]
[Result "1/2-1/2"]
[WhiteElo "2464"]
[BlackElo "2575"]
[WhiteFideId "-1"]
[BlackFideId "-1"]
[PlyCount "82"]
[GameId "2129404762902101"]
[EventDate "2018.12.11"]
[EventType "tourn"]
[EventRounds "9"]
[EventCountry "UKR"]
[EventCategory "15"]
[SourceTitle "10 Days #564"]
[Source "ChessMix"]
[SourceDate "2018.12.20"]
[SourceVersion "1"]
[SourceVersionDate "2018.12.20"]
[SourceQuality "1"]
[TimeControl "40/5400+30:1800+30"]

1. e4 {[%emt 0:01:02]} c5 {[%emt 0:00:00]} 2. Nf3 {[%emt 0:00:11]} d6 {[%emt 0:00:01]} 3. d4 {[%emt 0:00:06]} cxd4 {[%emt 0:00:08]} 4. Nxd4 {[%emt 0:00:03]} Nf6 {[%emt 0:00:11]} 5. Nc3 {[%emt 0:00:04]} a6 {[%emt 0:00:06]} 6. h4 {[%emt 0:04:03]} e5 {[%emt 0:01:28]} 7. Nb3 {[%emt 0:00:04]} Be7 {[%emt 0:00:30]} 8. Bg5 {[%emt 0:04:24]} Be6 {[%emt 0:00:21]} 9. Bxf6 {[%emt 0:00:57]} Bxf6 {[%emt 0:00:17]} 10. g3 {[%emt 0:00:08]} Be7 {[%emt 0:05:09]} 11. Nd5 {[%emt 0:12:40]} Nd7 {[%emt 0:00:38]} 12. Bh3 {[%emt 0:03:38]} Rc8 {[%emt 0:02:00]} 13. c3 {[%emt 0:00:15]} O-O {[%emt 0:01:22]} 14. Kf1 {[%emt 0:02:31]} Nb6 {[%emt 0:02:41]} 15. Ne3 {[%emt 0:03:09]} Nc4 {[%emt 0:14:05]} 16. Nxc4 {[%emt 0:02:11]} Rxc4 {[%emt 0:00:43]} 17. Nd2 {[%emt 0:02:53]} Rc6 {[%emt 0:04:20]} 18. Bxe6 {[%emt 0:04:27]} fxe6 {[%emt 0:00:13]} 19. Qe2 {[%emt 0:00:50]} Qb6 {[%emt 0:18:06]} 20. Nf3 {[%emt 0:01:43]} Qb5 {[%emt 0:07:06]} 21. Qxb5 {[%emt 0:03:03]} axb5 {[%emt 0:01:13]} 22. Kg2 {[%emt 0:09:48]} b4 {[%emt 0:01:06]} 23. cxb4 {[%emt 0:01:07]} Rc2 {[%emt 0:04:12]} 24. Rhc1 {[%emt 0:01:41]} Re2 {[%emt 0:02:10]} 25. Rc7 {[%emt 0:04:34]} Bd8 {[%emt 0:00:43]} 26. Rxb7 {[%emt 0:03:15]} d5 {[%emt 0:00:03]} 27. Rf1 {[%emt 0:03:33]} dxe4 {[%emt 0:09:10]} 28. Nxe5 {[%emt 0:01:57]} Rxb2 29. a4 {[%emt 0:11:22]} Ra2 {[%emt 0:08:28]} 30. a5 {[%emt 0:06:08]} e3 {[%emt 0:01:45]} 31. Ng4 {[%emt 0:00:14]} e2 {[%emt 0:00:41]} 32. Re1 {[%emt 0:00:07]} h5 {[%emt 0:00:16]} 33. Ne5 {[%emt 0:01:49]} Bf6 {[%emt 0:00:48]} 34. f4 {[%emt 0:00:25]} Bxe5 {[%emt 0:03:13]} 35. fxe5 {[%emt 0:01:35]} Rf5 {[%emt 0:00:02]} 36. Rb6 {[%emt 0:05:24]} Rxe5 {[%emt 0:00:15]} 37. Rc6 {[%emt 0:02:38]} Re4 {[%emt 0:04:12]} 38. a6 {[%emt 0:01:37]} Rxb4 {[%emt 0:01:07]} 39. Rxe6 {[%emt 0:00:05]} Rba4 {[%emt 0:00:15]} 40. R6xe2 {[%emt 0:00:00]} Rxa6 {[%emt 0:00:00]} 41. Rxa2 {[%emt 0:00:16]} Rxa2+ {[%emt 0:00:28]} 1/2-1/2

[Event "UKR-ch"]
[Site "Kyiv UKR"]
[Date "2018.12.18"]
[Round "7"]
[White "Korobov, Anton"]
[Black "Golubka, Petro"]
[Result "1-0"]
[WhiteElo "2698"]
[BlackElo "2464"]
[WhiteFideId "-1"]
[BlackFideId "-1"]
[PlyCount "69"]
[GameId "2129404762902103"]
[EventDate "2018.12.11"]
[EventType "tourn"]
[EventRounds "9"]
[EventCountry "UKR"]
[EventCategory "15"]
[SourceTitle "10 Days #564"]
[Source "ChessMix"]
[SourceDate "2018.12.20"]
[SourceVersion "1"]
[SourceVersionDate "2018.12.20"]
[SourceQuality "1"]

{[%evp 12,69,15,11,46,56,54,46,58,64,65,68,52,37,44,41,85,52,58,27,85,95,91,87,82,94,93,83,93,89,81,84,75,71,79,68,66,61,75,81,64,44,106,98,95,90,99,102,148,167,268,263,337,341,1083,1093,1298,1178,1161,1136]} 1. d4 Nf6 2. c4 e6 3. Nf3 d5 4. Nc3 Be7 5. Bf4 O-O 6. e3 b6 7. Rc1 {LiveBook: 150 Games} dxc4 {[%emt 0:00:05] D37: Queen's Gambit Declined: Bf4} (7... Bb7 8. Bd3 dxc4 9. Bxc4 a6 10. O-O b5 11. Bd3 Nbd7 12. a4 b4 13. Nb1 c5 14. Nbd2 cxd4 15. Bc7 Qe8 16. exd4 {1-0 (57) Lalith,B (2575)-Melkumyan,H (2650) Abu Dhabi 2016}) 8. Bxc4 Bb7 9. O-O a6 {White is slightly better.} 10. Qe2 Nbd7 $146 ({Predecessor:} 10... b5 11. Bb3 Bd6 12. Bg3 Bxg3 13. hxg3 Nc6 14. Rfd1 Qe7 15. Ng5 e5 16. d5 Na5 17. Bc2 Nc4 18. b3 Nd6 19. Bb1 {1/2-1/2 (19) Domotor,J (2092)-Horvath,G (2273) Hungary 2006}) 11. Rfd1 Bd6 12. Bg5 {[%cal Bf4g5,Bg5h4,Bh4g3][%mdl 32]} b5 13. Bd3 Qe7 14. Ne4 h6 15. Bh4 Rac8 (15... g5 $11 16. Nxd6 cxd6) 16. Nxf6+ $16 Nxf6 17. e4 {[#] e5 is the strong threat.} e5 18. dxe5 Bxe5 19. Nxe5 Qxe5 20. Bg3 Qe6 {[%cal Rb7e4]} 21. e5 ({But not} 21. Bxc7 Bxe4 22. Bxe4 Nxe4 $11) 21... Nd5 22. Be4 (22. Qe4 {looks sharper.} g6 23. Qh4 Kg7 24. a4 c6 25. Be4) 22... Rcd8 23. Rd3 Rfe8 24. Qf3 c6 25. h4 {[%cal Bh2h4,Bh4h5][%mdl 32]} Bc8 26. h5 Bd7 (26... Ne7 $14) 27. Rcd1 {[%cal Re4d5]} Rc8 28. Rd4 Rf8 29. Qa3 Rfe8 30. Bc2 ({Don't play} 30. Qxa6 $6 Ra8 $14) 30... f5 (30... g6 {was called for.} 31. hxg6 fxg6) 31. exf6 $1 $18 Qxf6 32. Qd3 ({Not} 32. Qxa6 Be6 $16) 32... Kf8 $2 (32... g6 33. hxg6 Qg5) 33. Qh7 {White is clearly winning.} Re2 {[#]} 34. Rf4 $1 {[%mdl 512]} Nxf4 35. Rxd7 {Accuracy: White = 92%, Black = 51%.} 1-0

[Event "UKR-ch"]
[Site "Kyiv UKR"]
[Date "2018.12.19"]
[Round "8"]
[White "Golubka, Petro"]
[Black "Ponomariov, Ruslan"]
[Result "1/2-1/2"]
[WhiteElo "2464"]
[BlackElo "2663"]
[WhiteFideId "-1"]
[BlackFideId "-1"]
[PlyCount "90"]
[GameId "2129404762902110"]
[EventDate "2018.12.11"]
[EventType "tourn"]
[EventRounds "9"]
[EventCountry "UKR"]
[EventCategory "15"]
[SourceTitle "10 Days #564"]
[Source "ChessMix"]
[SourceDate "2018.12.20"]
[SourceVersion "1"]
[SourceVersionDate "2018.12.20"]
[SourceQuality "1"]

{[%evp 18,90,33,4,12,0,0,0,0,0,0,0,2,12,11,-28,-24,-44,-44,-45,-46,-54,-51,-51,-52,-52,-50,-52,-61,-67,-59,-64,-52,-51,-41,-39,-41,-46,-30,-32,-33,-39,-21,-35,-10,-16,0,0,0,0,-11,-11,0,0,0,0,0,0,0,0,0,0,0,0,0,0,0,0,0,0,0,0,0,-266,-98]} 1. e4 g6 2. d4 Bg7 3. Nc3 d6 4. Be3 a6 5. a4 Nf6 6. h3 Nc6 7. Nf3 e6 8. Be2 O-O 9. O-O b6 10. Re1 {LiveBook: 3 Games. B08: Pirc Defence: Classical System} Bb7 11. d5 $146 ({Predecessor:} 11. Qd2 Ne7 12. Bd3 c5 13. dxc5 bxc5 14. e5 dxe5 15. Nxe5 Rc8 {0-1 (50) Dervishi,E (2552)-Malakhov,V (2686) Riadh 2017}) 11... exd5 12. exd5 {The position is equal.} Ne7 {[%cal Rf6d5,Bc6e7,Be7f5,Bf5e3][%mdl 32]} 13. Bc4 h6 14. Qd3 Re8 15. Rad1 Qd7 16. Qd2 Nf5 17. Bd4 Rxe1+ 18. Rxe1 Re8 19. Be3 Nxe3 20. Rxe3 Rxe3 21. Qxe3 Qe8 22. Qd3 Nd7 23. b3 Nc5 24. Qe2 Kf8 25. Qd2 Ne4 26. Nxe4 Qxe4 27. Kf1 g5 28. Qe2 Bxd5 29. Bxa6 Qf4 {...Qc1+ is the strong threat.} 30. Bd3 Bc3 {[#] And now ...Qc1+ would win.} 31. Qe3 Qf6 32. Be4 Be6 33. g4 d5 34. Bf5 Ke7 35. Ng1 Qe5 36. Bxe6 fxe6 37. Ne2 Qxe3 38. fxe3 $11 {[%mdl 4096] Endgame KB-KN} Bd2 39. Kf2 c5 40. Kf3 Kd6 41. e4 d4 42. Ng3 Bf4 {[#] Threatens to win with ...Bxg3.} 43. Ne2 Bd2 44. Ng3 $1 Bf4 {Hoping for ...Bxg3.} 45. e5+ $2 {[%mdl 8192]} (45. Ne2 $11 {and White stays safe.} Bd2) 45... Kxe5 $2 {Accuracy: White = 69%, Black = 62%.} ({But not} 45... Bxe5 46. Ne4+ Kd5 47. Nd2 $17) (45... Kd5 $19 46. Ne4 Bxe5) 1/2-1/2

[Event "UKR-ch"]
[Site "Kyiv UKR"]
[Date "2018.12.20"]
[Round "9"]
[White "Kravtsiv, Martyn"]
[Black "Golubka, Petro"]
[Result "1-0"]
[WhiteElo "2644"]
[BlackElo "2464"]
[WhiteFideId "-1"]
[BlackFideId "-1"]
[PlyCount "155"]
[GameId "2129404762902116"]
[EventDate "2018.12.11"]
[EventType "tourn"]
[EventRounds "9"]
[EventCountry "UKR"]
[EventCategory "15"]
[SourceTitle "10 Days #564"]
[Source "ChessMix"]
[SourceDate "2018.12.20"]
[SourceVersion "1"]
[SourceVersionDate "2018.12.20"]
[SourceQuality "1"]
[TimeControl "40/5400+30:1800+30"]

1. d4 {[%emt 0:00:00]} d5 {[%emt 0:00:00]} 2. c4 {[%emt 0:00:00]} c6 {[%emt 0:00:16]} 3. Nf3 {[%emt 0:00:32]} Nf6 {[%emt 0:00:05]} 4. Nc3 {[%emt 0:00:09]} e6 {[%emt 0:00:08]} 5. Bg5 {[%emt 0:01:01]} Nbd7 {[%emt 0:00:04]} 6. e3 {[%emt 0:01:24]} Be7 {[%emt 0:00:10]} 7. Rc1 {[%emt 0:03:17]} O-O {[%emt 0:00:26]} 8. Be2 {[%emt 0:05:37]} Re8 {[%emt 0:04:43]} 9. O-O {[%emt 0:01:09]} dxc4 {[%emt 0:01:05]} 10. Bxc4 {[%emt 0:03:12]} Nd5 {[%emt 0:00:10]} 11. Bxe7 {[%emt 0:01:44]} Qxe7 {[%emt 0:00:01]} 12. Ne4 {[%emt 0:12:03]} b6 {[%emt 0:02:11]} 13. Ne5 {[%emt 0:11:41]} Bb7 {[%emt 0:00:33]} 14. Bb3 {[%emt 0:20:47]} Rac8 {[%emt 0:08:35]} 15. Nc4 {[%emt 0:00:44]} Rc7 {[%emt 0:03:45]} 16. Ncd6 {[%emt 0:01:44]} Rb8 {[%emt 0:00:15]} 17. Nxb7 {[%emt 0:00:33]} Rbxb7 {[%emt 0:00:04]} 18. Qf3 {[%emt 0:00:37]} N7f6 {[%emt 0:07:22]} 19. Ng3 {[%emt 0:00:17]} Qd8 {[%emt 0:01:15]} 20. Rfd1 {[%emt 0:02:38]} Ne7 {[%emt 0:00:22]} 21. h4 {[%emt 0:05:54]} Rd7 {[%emt 0:03:45]} 22. e4 {[%emt 0:02:24]} Rb8 {[%emt 0:01:29]} 23. e5 {[%emt 0:03:23]} Ne8 {[%emt 0:01:31]} 24. Qg4 {[%emt 0:05:59]} Rc8 {[%emt 0:03:14]} 25. h5 {[%emt 0:00:55]} Nd5 {[%emt 0:09:40]} 26. Ne4 {[%emt 0:01:15]} Qe7 {[%emt 0:05:18]} 27. Rd3 {[%emt 0:01:13]} f5 {[%emt 0:01:34]} 28. exf6 {[%emt 0:00:05]} Nexf6 {[%emt 0:00:06]} 29. Nxf6+ {[%emt 0:00:04]} Qxf6 {[%emt 0:00:05]} 30. Re3 {[%emt 0:01:19]} Rd6 {[%emt 0:02:58]} 31. Rxe6 {[%emt 0:05:03]} Qxe6 {[%emt 0:00:16]} 32. Qxe6+ {[%emt 0:01:53]} Rxe6 {[%emt 0:00:04]} 33. Bxd5 {[%emt 0:00:05]} Kf7 {[%emt 0:00:03]} 34. Kf1 {[%emt 0:01:19]} Kf6 {[%emt 0:00:23]} 35. Bxe6 {[%emt 0:00:05]} Kxe6 {[%emt 0:00:03]} 36. Re1+ {[%emt 0:03:51]} Kd6 {[%emt 0:01:14]} 37. Re4 {[%emt 0:01:12]} c5 {[%emt 0:00:40]} 38. Ke2 {[%emt 0:01:06]} cxd4 {[%emt 0:03:49]} 39. Rxd4+ {[%emt 0:00:05]} Ke6 {[%emt 0:00:05]} 40. Kd2 {[%emt 0:00:00]} Rc5 {[%emt 0:00:00]} 41. g4 {[%emt 0:01:50]} Ke7 {[%emt 0:01:26]} 42. Ra4 {[%emt 0:02:07]} a5 {[%emt 0:00:06]} 43. f4 {[%emt 0:03:19]} g6 {[%emt 0:00:25]} 44. Re4+ {[%emt 0:00:44]} Kf7 {[%emt 0:00:22]} 45. hxg6+ {[%emt 0:01:27]} hxg6 {[%emt 0:00:52]} 46. Kd3 {[%emt 0:00:50]} Rc1 {[%emt 0:00:46]} 47. Re5 {[%emt 0:01:32]} Rf1 {[%emt 0:00:12]} 48. Ke4 {[%emt 0:03:10]} Re1+ {[%emt 0:00:19]} 49. Kf3 {[%emt 0:01:12]} Rc1 {[%emt 0:00:26]} 50. Rb5 {[%emt 0:03:41]} Rc6 {[%emt 0:00:05]} 51. Ke4 {[%emt 0:00:53]} Ke6 {[%emt 0:00:33]} 52. Re5+ {[%emt 0:01:30]} Kf6 {[%emt 0:00:10]} 53. Kd5 {[%emt 0:02:39]} Rc5+ {[%emt 0:00:04]} 54. Kd4 {[%emt 0:00:15]} Rc6 {[%emt 0:00:06]} 55. g5+ {[%emt 0:03:44]} Kf7 {[%emt 0:01:00]} 56. f5 {[%emt 0:00:08]} Rc2 {[%emt 0:02:08]} 57. fxg6+ {[%emt 0:01:17]} Kg7 {[%emt 0:00:24]} 58. Rb5 {[%emt 0:01:11]} Rc6 {[%emt 0:00:28]} 59. a3 {[%emt 0:02:37]} Rd6+ {[%emt 0:02:37]} 60. Rd5 {[%emt 0:00:24]} Rc6 {[%emt 0:00:54]} 61. Rf5 {[%emt 0:00:17]} Rc2 {[%emt 0:00:11]} 62. Rf7+ {[%emt 0:00:47]} Kg8 {[%emt 0:00:05]} 63. b3 {[%emt 0:02:27]} a4 {[%emt 0:03:27]} 64. bxa4 {[%emt 0:00:38]} Rc5 {[%emt 0:07:53]} 65. Rf6 {[%emt 0:00:11]} Ra5 {[%emt 0:00:13]} 66. Kc4 {[%emt 0:00:11]} Rxa4+ {[%emt 0:00:04]} 67. Kb3 {[%emt 0:00:05]} Ra6 {[%emt 0:00:02]} 68. Kb4 {[%emt 0:00:43]} Kg7 {[%emt 0:00:05]} 69. Rc6 {[%emt 0:01:19]} Kg8 {[%emt 0:00:13]} 70. Rc7 {[%emt 0:01:14]} Kf8 {[%emt 0:00:20]} 71. Rb7 {[%emt 0:00:26]} Kg8 {[%emt 0:00:05]} 72. g7 {[%emt 0:01:48]} Kh7 {[%emt 0:00:05]} 73. g6+ {[%emt 0:00:39]} Kg8 {[%emt 0:00:05]} 74. a4 {[%emt 0:00:07]} b5 {[%emt 0:01:27]} 75. Rb8+ {[%emt 0:00:45]} Kxg7 {[%emt 0:00:07]} 76. axb5 {[%emt 0:00:06]} Rxg6 {[%emt 0:00:02]} 77. Re8 {[%emt 0:00:24]} Kf7 {[%emt 0:00:05]} 78. Re4 {[%emt 0:00:07]} 1-0

[Event "Heusenstamm Schloss op"]
[Site "Heusenstamm GER"]
[Date "2018.11.22"]
[Round "1.7"]
[White "Golubka, Petro"]
[Black "Muedder, Rafael"]
[Result "1/2-1/2"]
[WhiteElo "2461"]
[BlackElo "1994"]
[WhiteFideId "-1"]
[BlackFideId "-1"]
[PlyCount "64"]
[GameId "2130307613978193"]
[EventDate "2018.11.22"]
[EventType "swiss"]
[EventRounds "7"]
[EventCountry "GER"]
[SourceTitle "10 Days #562"]
[Source "ChessMix"]
[SourceDate "2018.12.01"]
[SourceVersion "1"]
[SourceVersionDate "2018.12.01"]
[SourceQuality "1"]

1. e4 c5 2. Nf3 Nc6 3. c3 d5 4. exd5 Qxd5 5. d4 Bf5 6. Be2 cxd4 7. cxd4 Bxb1 8. Rxb1 e6 9. a3 Be7 10. Be3 Nf6 11. O-O O-O 12. Bd3 Rfd8 13. Qe2 Qh5 14. Bb5 Bd6 15. h3 Ne7 16. Bg5 Ned5 17. Bc4 Rdc8 18. Bb3 h6 19. Bh4 Nf4 20. Qe3 N4d5 21. Qe1 Nf4 22. Qd1 Qg6 23. Bg3 Nxh3+ 24. gxh3 Bxg3 25. fxg3 Qxg3+ 26. Kh1 Qxh3+ 27. Nh2 Ne4 28. Rf3 Qh4 29. Qe1 Qxe1+ 30. Rxe1 Nd2 31. Rd3 Nxb3 32. Rxb3 b6 1/2-1/2

[Event "Heusenstamm Schloss op"]
[Site "Heusenstamm GER"]
[Date "2018.11.24"]
[Round "4.11"]
[White "Koellner, Ruben Gideon"]
[Black "Golubka, Petro"]
[Result "0-1"]
[WhiteElo "2238"]
[BlackElo "2461"]
[WhiteFideId "-1"]
[BlackFideId "-1"]
[PlyCount "166"]
[GameId "2130307613982341"]
[EventDate "2018.11.22"]
[EventType "swiss"]
[EventRounds "7"]
[EventCountry "GER"]
[SourceTitle "10 Days #562"]
[Source "ChessMix"]
[SourceDate "2018.12.01"]
[SourceVersion "1"]
[SourceVersionDate "2018.12.01"]
[SourceQuality "1"]

1. d4 Nf6 2. Nf3 g6 3. Nbd2 c5 4. c3 b6 5. e4 Bg7 6. Bd3 Ba6 7. Bxa6 Nxa6 8. a3 O-O 9. O-O d5 10. e5 Nd7 11. Re1 Nc7 12. Nf1 Re8 13. Be3 f6 14. exf6 Bxf6 15. Bf4 cxd4 16. cxd4 Nf8 17. Be5 Nfe6 18. Rc1 Qd7 19. Qc2 Nb5 20. Qa4 Rad8 21. Red1 Rc8 22. Rxc8 Rxc8 23. Re1 Rc4 24. Qd1 Nbxd4 25. Nxd4 Bxe5 26. Rxe5 Rxd4 27. Qe1 Kf7 28. Qe3 Rc4 29. Qf3+ Ke8 30. Qxd5 Qxd5 31. Rxd5 Rc1 32. g3 Rb1 33. Rd2 Nc5 34. b4 Ne4 35. Rd3 Ra1 36. Kg2 Ra2 37. Rf3 Nd6 38. Rd3 Nc4 39. Rd4 b5 40. Rh4 h5 41. Re4 Rxa3 42. Ne3 Nxe3+ 43. fxe3 Ra2+ 44. Kf3 Rxh2 45. Re5 a6 46. Re6 Kf7 47. Rxa6 Rb2 48. e4 Rxb4 49. Kf4 Rb3 50. Rb6 b4 51. e5 Rb1 52. Kg5 Rg1 53. Kf4 Rf1+ 54. Ke4 g5 55. Rh6 h4 56. gxh4 Rf4+ 57. Kd5 Rxh4 58. Rb6 e6+ 59. Kc5 Rf4 60. Rb7+ Kg6 61. Kd6 Kf5 62. Rf7+ Ke4 63. Rb7 g4 64. Kxe6 Kf3 65. Kd5 g3 66. e6 g2 67. Rg7 b3 68. e7 b2 69. e8=Q b1=Q 70. Qh5+ Kf2 71. Rxg2+ Kxg2 72. Qe2+ Kg3 73. Qe3+ Kg4 74. Qe2+ Kg5 75. Qe7+ Kg4 76. Qe2+ Rf3 77. Qg2+ Rg3 78. Qe2+ Kf4 79. Qf2+ Kg4 80. Qe2+ Kh3 81. Qe6+ Kg2 82. Qc6 Qd3+ 83. Ke5+ Rf3 0-1

[Event "Heusenstamm Schloss op"]
[Site "Heusenstamm GER"]
[Date "2018.11.24"]
[Round "5.5"]
[White "Golubka, Petro"]
[Black "Khaetsky, Roman"]
[Result "1-0"]
[WhiteElo "2461"]
[BlackElo "2347"]
[WhiteFideId "-1"]
[BlackFideId "-1"]
[PlyCount "73"]
[GameId "2130307613982351"]
[EventDate "2018.11.22"]
[EventType "swiss"]
[EventRounds "7"]
[EventCountry "GER"]
[SourceTitle "10 Days #562"]
[Source "ChessMix"]
[SourceDate "2018.12.01"]
[SourceVersion "1"]
[SourceVersionDate "2018.12.01"]
[SourceQuality "1"]

1. e4 Nf6 2. e5 Nd5 3. d4 d6 4. Bc4 c6 5. f4 g6 6. Nf3 Bg7 7. O-O O-O 8. Nc3 dxe5 9. fxe5 Na6 10. Ne4 Bf5 11. Bxa6 bxa6 12. Nc5 Nc7 13. Qe2 a5 14. Nb7 Qd7 15. Nxa5 Ne6 16. Be3 Qd5 17. b4 f6 18. c4 Qe4 19. Nd2 Qd3 20. Qxd3 Bxd3 21. exf6 Bxf6 22. Nxc6 Bxf1 23. Rxf1 Nd8 24. Na5 Ne6 25. Nf3 g5 26. h3 h6 27. b5 Rac8 28. a4 Rc7 29. Nc6 Nd8 30. d5 Nxc6 31. dxc6 Rd8 32. a5 Bc3 33. a6 e5 34. Rc1 Rd3 35. Bxa7 Rxa7 36. b6 Rxf3 37. Rxc3 1-0

[Event "Heusenstamm Schloss op"]
[Site "Heusenstamm GER"]
[Date "2018.11.25"]
[Round "6.2"]
[White "Sumets, Andrey"]
[Black "Golubka, Petro"]
[Result "1/2-1/2"]
[WhiteElo "2580"]
[BlackElo "2461"]
[WhiteFideId "-1"]
[BlackFideId "-1"]
[PlyCount "44"]
[GameId "2130307613982364"]
[EventDate "2018.11.22"]
[EventType "swiss"]
[EventRounds "7"]
[EventCountry "GER"]
[SourceTitle "10 Days #562"]
[Source "ChessMix"]
[SourceDate "2018.12.01"]
[SourceVersion "1"]
[SourceVersionDate "2018.12.01"]
[SourceQuality "1"]

1. d4 d5 2. c4 c6 3. Nc3 Nf6 4. cxd5 cxd5 5. Bf4 Nc6 6. Nf3 Ne4 7. e3 Nxc3 8. bxc3 g6 9. Ne5 Qa5 10. Qb3 Bg7 11. Bb5 Bxe5 12. Bxe5 O-O 13. Bxc6 bxc6 14. O-O Ba6 15. Rfe1 Rad8 16. e4 Rd7 17. Qc2 Bc4 18. h4 f6 19. Bf4 dxe4 20. Qxe4 Qd5 21. Qc2 Rc8 22. Qa4 Qb5 1/2-1/2

[Event "Heusenstamm Schloss op"]
[Site "Heusenstamm GER"]
[Date "2018.11.25"]
[Round "7.4"]
[White "Golubka, Petro"]
[Black "Hacker, Jonas"]
[Result "1/2-1/2"]
[WhiteElo "2461"]
[BlackElo "2350"]
[WhiteFideId "-1"]
[BlackFideId "-1"]
[PlyCount "63"]
[GameId "2130307613982382"]
[EventDate "2018.11.22"]
[EventType "swiss"]
[EventRounds "7"]
[EventCountry "GER"]
[SourceTitle "10 Days #562"]
[Source "ChessMix"]
[SourceDate "2018.12.01"]
[SourceVersion "1"]
[SourceVersionDate "2018.12.01"]
[SourceQuality "1"]

1. e4 e5 2. Nf3 Nc6 3. Bb5 a6 4. Ba4 Nf6 5. d3 d6 6. c3 g6 7. Nbd2 Bg7 8. Nf1 O-O 9. Ng3 b5 10. Bc2 d5 11. O-O Bb7 12. Bg5 h6 13. Bxf6 Bxf6 14. exd5 Qxd5 15. Ne4 Bg7 16. b4 Nb8 17. Re1 Nd7 18. Bb3 Qc6 19. d4 Qb6 20. Rc1 Rad8 21. d5 c5 22. dxc6 Bxc6 23. Qe2 Kh7 24. h4 Bxe4 25. Qxe4 f5 26. Qe3 Qxe3 27. Rxe3 Rfe8 28. h5 gxh5 29. Nh4 Bf6 30. Rh3 Bxh4 31. Rxh4 Nf6 32. c4 1/2-1/2

[Event "Heusenstamm Sparkassen op-A 5th"]
[Site "Heusenstamm"]
[Date "2018.11.23"]
[Round "2"]
[White "Hochmuth, Christian"]
[Black "Golubka, Petro"]
[Result "0-1"]
[WhiteElo "1907"]
[BlackElo "2461"]
[WhiteFideId "-1"]
[BlackFideId "-1"]
[PlyCount "136"]
[GameId "1325871431790592"]
[EventDate "2018.11.22"]
[EventType "swiss"]
[EventRounds "7"]
[EventCountry "GER"]
[SourceTitle "CBM 188 Extra"]
[Source "ChessBase"]
[SourceDate "2019.02.28"]
[SourceVersion "1"]
[SourceVersionDate "2019.02.28"]
[SourceQuality "1"]

1. d4 d5 2. c4 c6 3. cxd5 cxd5 4. Nc3 Nc6 5. Nf3 Nf6 6. Bf4 Ne4 7. Qb3 Nxc3 8. bxc3 a6 9. e3 Na5 10. Qc2 g6 11. Bd3 Bg7 12. h4 Bg4 13. Ne5 Bxe5 14. Bxe5 f6 15. Bxg6+ hxg6 16. Qxg6+ Kf8 17. Bf4 Be6 18. Bh6+ Rxh6 19. Qxh6+ Ke8 20. Qh8+ Kd7 21. Qxd8+ Rxd8 22. f3 Ke8 23. g4 Kf7 24. g5 fxg5 25. hxg5 Bf5 26. Kf2 Nc4 27. Kg3 Bg6 28. Rhe1 Rc8 29. Rac1 Nb2 30. Re2 Na4 31. c4 Rxc4 32. Rxc4 dxc4 33. e4 b5 34. Rc2 c3 35. Kf4 b4 36. Ke3 Bh5 37. Rh2 Kg6 38. f4 Bd1 39. Rh6+ Kg7 40. Rxa6 c2 41. Kd2 Nc3 42. Rc6 Nxe4+ 43. Kc1 e6 44. Rxe6 Nc3 45. Rc6 Nxa2+ 46. Kb2 c1=Q+ 47. Rxc1 Nxc1 48. Kxc1 Bb3 49. Kb2 Bd5 50. f5 Kf7 51. Kc1 Be4 52. Kb2 Bd5 53. Kc1 Ke7 54. Kb2 Kd6 55. Kc1 Bc4 56. Kb2 Kd7 57. Kc2 Bd5 58. Kb2 Kc6 59. g6 Be4 60. d5+ Kc5 61. d6 Kxd6 62. Kb3 Kc5 63. Kb2 Bxf5 64. g7 Bh7 65. Kb3 Bg8+ 66. Kb2 Kc4 67. Kc2 b3+ 68. Kb2 Kb4 0-1